| 000 | 00852nam a2200253Ia 4500 | ||
|---|---|---|---|
| 003 | GCL | ||
| 008 | 140319s9999 xx 000 0 ara d | ||
| 040 |
_aGCL / _cGCL |
||
| 082 | 0 | 4 |
_a301.635 _bس ت |
| 100 | 1 | _aسمير الخليل | |
| 245 | 1 | 0 |
_aالتسامح بين شرق وغرب : دراسات فى التعايش والقبول بالاخر / _cسمير الخليل |
| 700 | 1 | _aابراهيم العريس | |
| 700 | 1 | _aنيكلولسون , بيتر | |
| 700 | 1 | _aبالدوين، توماس | |
| 300 | _a127 ص | ||
| 490 |
_aالفكر الغربى الحديث _v0 |
||
| 650 | 0 | 4 | _aالاخلاق |
| 650 | 0 | 4 | _aالصراع الطائفى |
| 650 | 0 | 4 | _aالتسامح الدينى |
| 650 | 0 | 4 | _aالتعصب الدينى |
| 650 | 0 | 4 | _aاليهود - تاريخ |
| 650 | 0 | 4 | _aالاجناس والاعراق |
| 942 |
_2ddc _cBK |
||
| 999 |
_c47857 _d47857 |
||